Zodpovednosť štatutárneho orgánu za včasné nepodanie návrhu na vyhlásenie konkurzu

Úpadok podnikateľa a možnosti jeho riešenia. Povinnosť včas podať návrh na vyhlásenie konkurzu. Subjekt povinný splniť povinnosť včas podať návrh na vyhlásenie konkurzu. Včasné splnenie povinnosti. Zodpovednosť za nesplnenie povinnosti včasného podania návrhu na vyhlásenie konkurzu.

Gespeichert in:
Bibliographische Detailangaben
1. Verfasser: Kmeťová, Oľga, 1959-
Format: Buchkapitel
Sprache:Slowakisch
Schlagworte:
Tags: Tag hinzufügen
Keine Tags, Fügen Sie das erste Tag hinzu!

MARC

LEADER 00000naa a2200000 4500
001 0166049
005 20240502072906.9
041 0 |a slo 
044 |a SK 
245 1 0 |a Zodpovednosť štatutárneho orgánu za včasné nepodanie návrhu na vyhlásenie konkurzu  |c Oľga Kmeťová 
520 |a Úpadok podnikateľa a možnosti jeho riešenia. Povinnosť včas podať návrh na vyhlásenie konkurzu. Subjekt povinný splniť povinnosť včas podať návrh na vyhlásenie konkurzu. Včasné splnenie povinnosti. Zodpovednosť za nesplnenie povinnosti včasného podania návrhu na vyhlásenie konkurzu. 
610 2 0 |a podnikatelia 
610 2 0 |a úpadok podniku 
610 2 0 |a konkurzy 
610 2 0 |a veritelia 
610 2 0 |a reštrukturalizácia 
610 2 0 |a orgány štatutárne 
100 1 |a Kmeťová, Oľga, 1959-